000 004160000a22001570004500
003 LK-CoMWRAF
008 230817t ||||| |||| 00| 0 eng d
040 _aLK-CoMWRAF
_dLK-CoMWRAF
_eLK-CoMWRAF
041 _aeng
082 _a380
_bKAN
245 _aKanta deshapalana denuma ha sahabhagitvaya vardanaya kireema
_bpuhunu atpotha
260 _aColombo
_bCIDA
_c1997
300 _ap.82
650 _awomen
942 _cBK
999 _c2587
_d2587